[Event "Torre Blanca op Superior"]
[Site "Buenos Aires"]
[Date "2004.12.02"]
[Round "1"]
[White "Nogues, Alejandro"]
[Black "Jolodovsky, Alberto"]
[Result "0-1"]
[WhiteElo "2221"]
[BlackElo "2066"]
[PlyCount "74"]
[EventDate "2004.12.02"]
[EventType "swiss"]
[EventRounds "9"]
[EventCountry "ARG"]
[SourceTitle "EXT 2006"]
[Source "ChessBase"]
[SourceDate "2005.11.24"]
[SourceVersion "1"]
[SourceVersionDate "2005.11.24"]
[SourceQuality "1"]

1. d4 Nf6 2. c4 e6 3. Nc3 d5 4. Bg5 Be7 5. e3 0-0 6. Nf3 b6 7. Rc1 dxc4 8. Bxc4 Bb7 9. 0-0 Nbd7 10. Qe2 Ne4 11. Bf4 c5 12. Rfd1 Qc8 13. Nxe4 Bxe4 14. dxc5 bxc5 15. Ba6 Bb7 16. Bb5 Bc6 17. Nd4 Bxb5 18. Qxb5 e5 19. Nf5 Bf6 20. Bg3 Nb6 21. e4 Qe6 22. Rd6 Qxa2 23. Qe2 Kh8 24. Qg4 Rg8 25. Qh5 Rad8 26. Rcd1 Rxd6 27. Nxd6 g6 28. Qf3 Kg7 29. Qc3 Rd8 30. h3 Nc4 31. Nxc4 Rxd1+ 32. Kh2 Qb1 33. Bxe5 Bxe5+ 34. Nxe5 Qxe4 35. Nc6+ f6 36. Qxc5 Qf4+ 37. g3 Qe4 0-1

[Event "Torre Blanca op"]
[Site "Buenos Aires"]
[Date "2004.08.23"]
[Round "5"]
[White "Gonzales, Luis"]
[Black "Nogues, Alejandro"]
[Result "0-1"]
[WhiteElo "1976"]
[BlackElo "2219"]
[PlyCount "86"]
[EventDate "2004.08.05"]
[EventType "swiss"]
[EventRounds "7"]
[EventCountry "ARG"]
[SourceTitle "EXT 2006"]
[Source "ChessBase"]
[SourceDate "2005.11.24"]
[SourceVersion "1"]
[SourceVersionDate "2005.11.24"]
[SourceQuality "1"]

1. d4 Nf6 2. c4 e6 3. Nf3 d5 4. Nc3 Bb4 5. Qc2 0-0 6. a3 Bd6 7. Bg5 c6 8. e3 Nbd7 9. Be2 Re8 10. 0-0 b6 11. Rfc1 Bb7 12. e4 dxe4 13. Nxe4 Be7 14. Ng3 Qc7 15. b4 Rad8 16. c5 h6 17. Be3 Nd5 18. Nd2 bxc5 19. dxc5 a5 20. Rab1 axb4 21. axb4 Nxe3 22. fxe3 Bg5 23. Kf2 Nf6 24. Nc4 Rd5 25. Nd6 Rb8 26. Rd1 Rxd1 27. Qxd1 Nd5 28. Nge4 Bxe3+ 29. Ke1 f5 30. Nd2 Qe7 31. Nf3 Qf6 32. Qb3 Bc8 33. Nxc8 Rxc8 34. Bc4 Rb8 35. Bxd5 Bxc5 36. Bxe6+ Kh8 37. Qc4 Re8 38. bxc5 Rxe6+ 39. Kf1 Re4 40. Qd3 Qe6 41. Nd4 Qd5 42. Rd1 Qxc5 43. Nb3 Rf4+ 0-1

[Event "Torre Blanca op"]
[Site "Buenos Aires"]
[Date "2004.08.12"]
[Round "3"]
[White "Ferrara, Alexis"]
[Black "Nogues, Alejandro"]
[Result "1/2-1/2"]
[WhiteElo "2235"]
[BlackElo "2219"]
[PlyCount "33"]
[EventDate "2004.08.05"]
[EventType "swiss"]
[EventRounds "7"]
[EventCountry "ARG"]
[SourceTitle "EXT 2006"]
[Source "ChessBase"]
[SourceDate "2005.11.24"]
[SourceVersion "1"]
[SourceVersionDate "2005.11.24"]
[SourceQuality "1"]

1. d4 Nf6 2. c4 e6 3. Nf3 d5 4. g3 c5 5. cxd5 exd5 6. Bg2 Nc6 7. 0-0 Be7 8. Nc3 0-0 9. dxc5 d4 10. Na4 Bf5 11. b3 d3 12. Nb2 dxe2 13. Qxe2 Bxc5 14. Bg5 h6 15. Rad1 Qe7 16. Qxe7 Bxe7 17. Bf4 1/2-1/2

[Event "Torre Blanca op"]
[Site "Buenos Aires"]
[Date "2004.08.09"]
[Round "2"]
[White "Nogues, Alejandro"]
[Black "Fiori, Hector Dionisio"]
[Result "1-0"]
[WhiteElo "2219"]
[BlackElo "2080"]
[PlyCount "87"]
[EventDate "2004.08.05"]
[EventType "swiss"]
[EventRounds "7"]
[EventCountry "ARG"]
[SourceTitle "EXT 2006"]
[Source "ChessBase"]
[SourceDate "2005.11.24"]
[SourceVersion "1"]
[SourceVersionDate "2005.11.24"]
[SourceQuality "1"]

1. d4 Nf6 2. Nf3 e6 3. Bg5 h6 4. Bh4 g5 5. Bg3 Bg7 6. e3 Nh5 7. Be5 d6 8. Bxg7 Nxg7 9. c4 Nc6 10. d5 Ne7 11. Nc3 e5 12. c5 0-0 13. cxd6 cxd6 14. Be2 Qa5 15. 0-0 Bg4 16. h3 Bxf3 17. Bxf3 f5 18. g4 Rac8 19. gxf5 Nexf5 20. Bg4 Rc4 21. Qd3 Qb4 22. Qe2 Nh4 23. a3 Qb3 24. Rad1 a6 25. Nb1 Rc2 26. Rd2 Rxd2 27. Qxd2 h5 28. Bd1 Qb5 29. f3 Qd7 30. Kh2 Qb5 31. Be2 Qb6 32. Nc3 Ngf5 33. Nd1 Qd8 34. Rg1 Nh6 35. f4 g4 36. Nf2 exf4 37. exf4 Qf6 38. hxg4 Kh8 39. g5 Qxf4+ 40. Qxf4 Rxf4 41. Kg3 Rxf2 42. Kxf2 Nf7 43. Bxh5 Ne5 44. Rh1 1-0

[Event "Torre Blanca op"]
[Site "Buenos Aires"]
[Date "2004.08.05"]
[Round "1"]
[White "Wald, Gabriel"]
[Black "Nogues, Alejandro"]
[Result "0-1"]
[WhiteElo "2024"]
[BlackElo "2219"]
[PlyCount "98"]
[EventDate "2004.08.05"]
[EventType "swiss"]
[EventRounds "7"]
[EventCountry "ARG"]
[SourceTitle "EXT 2006"]
[Source "ChessBase"]
[SourceDate "2005.11.24"]
[SourceVersion "1"]
[SourceVersionDate "2005.11.24"]
[SourceQuality "1"]

1. d4 Nf6 2. c4 e6 3. Nc3 Bb4 4. e3 c5 5. Bd3 d5 6. Nf3 dxc4 7. Bxc4 0-0 8. a3 cxd4 9. exd4 Bxc3+ 10. bxc3 Nbd7 11. 0-0 Qc7 12. Qd3 b6 13. Ba2 Bb7 14. Re1 Rfe8 15. Bb2 Qf4 16. Rad1 Red8 17. Bc1 Qg4 18. h3 Qh5 19. Qe2 Rac8 20. Bd2 Ne4 21. Rc1 Qa5 22. Bb1 Nxd2 23. Nxd2 Qxa3 24. Ne4 Bxe4 25. Qxe4 Nf6 26. Qf3 Nd5 27. Qh5 g6 28. Qh4 Nxc3 29. Rc2 Qf8 30. Ba2 Nxa2 31. Rxa2 Rd7 32. Rea1 Qd6 33. Rd1 Qd5 34. Re2 Qb3 35. Red2 Rd5 36. Qe7 a5 37. Rd3 Qc4 38. g4 Qc7 39. Qf6 Qd8 40. Qf3 Qh4 41. Qe2 b5 42. Rb3 b4 43. Kg2 Rcd8 44. Ra1 h5 45. gxh5 Rxh5 46. Rg3 Rg5 47. Rg4 Rxd4 48. f3 Rgxg4+ 49. hxg4 Qd8 0-1